[Event "Hessenliga 1617"]
[Site "Hessen"]
[Date "2017.01.15"]
[Round "5.4"]
[White "Jakel, Wolfgang"]
[Black "Isserman, Ryhor"]
[Result "1-0"]
[WhiteElo "2223"]
[BlackElo "2216"]
[PlyCount "53"]
[EventDate "2016.09.18"]
[EventType "team-tourn"]
[EventRounds "9"]
[EventCountry "GER"]
[SourceTitle "EXT 2018"]
[Source "ChessBase"]
[SourceDate "2017.10.13"]
[SourceVersion "1"]
[SourceVersionDate "2017.10.13"]
[SourceQuality "1"]
[WhiteTeam "Offenbach"]
[BlackTeam "Bad Homburg"]
[WhiteTeamCountry "GER"]
[BlackTeamCountry "GER"]

1. e4 c5 2. Nf3 d6 3. d4 cxd4 4. Nxd4 Nf6 5. Nc3 Nc6 6. Be2 e5 7. Nb3 Be7 8. 0-0 a5 9. a4 0-0 10. f4 Be6 11. f5 Bxb3 12. cxb3 Nb4 13. Bc4 Qb6+ 14. Kh1 Rac8 15. Qe2 Nc6 16. Be3 Nd4 17. Qd3 Rfd8 18. Rad1 Qb4 19. Bxd4 exd4 20. Qxd4 Rc5 21. Rfe1 Qb6 22. Re2 h5 23. Qe3 Ng4 24. Qf3 Ne5 25. Qxh5 g6 26. fxg6 Nxg6 27. Qxg6+ 1-0

[Event "Hessenliga 1617"]
[Site "Hessen"]
[Date "2016.12.11"]
[Round "4.4"]
[White "Isserman, Ryhor"]
[Black "Schupp, Tobias"]
[Result "1/2-1/2"]
[WhiteElo "2216"]
[BlackElo "2137"]
[PlyCount "22"]
[EventDate "2016.09.18"]
[EventType "team-tourn"]
[EventRounds "9"]
[EventCountry "GER"]
[SourceTitle "EXT 2018"]
[Source "ChessBase"]
[SourceDate "2017.10.13"]
[SourceVersion "1"]
[SourceVersionDate "2017.10.13"]
[SourceQuality "1"]
[WhiteTeam "Bad Homburg"]
[BlackTeam "Niederbrechen"]
[WhiteTeamCountry "GER"]
[BlackTeamCountry "GER"]

1. e4 e6 2. d4 d5 3. exd5 exd5 4. Bd3 Bd6 5. Qe2+ Qe7 6. Nc3 c6 7. Qxe7+ Nxe7 8. Nge2 Bf5 9. Bxf5 Nxf5 10. 0-0 0-0 11. Bd2 Nd7 1/2-1/2

[Event "Hessenliga 1617"]
[Site "Hessen"]
[Date "2016.11.06"]
[Round "3.4"]
[White "Isserman, Ryhor"]
[Black "Spitzl, Vinzent"]
[Result "1/2-1/2"]
[WhiteElo "2216"]
[BlackElo "2238"]
[PlyCount "23"]
[EventDate "2016.09.18"]
[EventType "team-tourn"]
[EventRounds "9"]
[EventCountry "GER"]
[SourceTitle "EXT 2018"]
[Source "ChessBase"]
[SourceDate "2017.10.13"]
[SourceVersion "1"]
[SourceVersionDate "2017.10.13"]
[SourceQuality "1"]
[WhiteTeam "Bad Homburg"]
[BlackTeam "Griesheim II"]
[WhiteTeamCountry "GER"]
[BlackTeamCountry "GER"]

1. e4 c5 2. Nf3 d6 3. Bb5+ Nc6 4. 0-0 Bd7 5. Re1 Nf6 6. c3 a6 7. Bf1 Bg4 8. h3 Bxf3 9. Qxf3 g6 10. b4 cxb4 11. cxb4 Bg7 12. Bb2 1/2-1/2

[Event "Rhein Main op-A 19th"]
[Site "Bad Homburg"]
[Date "2016.05.29"]
[Round "7"]
[White "Isserman, Ryhor"]
[Black "Baudrexel, Simon"]
[Result "0-1"]
[WhiteElo "2270"]
[BlackElo "2007"]
[PlyCount "66"]
[EventDate "2016.05.25"]
[EventType "swiss"]
[EventRounds "7"]
[EventCountry "GER"]
[SourceTitle "EXT 2017"]
[Source "ChessBase"]
[SourceDate "2016.10.25"]
[SourceVersion "1"]
[SourceVersionDate "2016.10.25"]
[SourceQuality "1"]

1. e4 d6 2. d4 Nf6 3. Nc3 e5 4. Nf3 Nbd7 5. Bc4 Be7 6. 0-0 0-0 7. a4 a5 8. Re1 c6 9. Bb3 exd4 10. Nxd4 Nc5 11. Ba2 Qb6 12. Nf5 Bxf5 13. exf5 Rfe8 14. Be3 d5 15. Bd4 Qb4 16. Ne2 Nce4 17. f3 c5 18. Be5 Bd6 19. Bxd6 Nxd6 20. Bxd5 Nxf5 21. c3 Qb6 22. Qb3 Nxd5 23. Qxd5 Ne3 24. Qd2 Rad8 25. Qc1 Qb3 26. Ra3 Qc2 27. c4 Rd2 28. Rc3 Qxc1 29. Nxc1 Rd1 30. Nd3 Rxe1+ 31. Nxe1 Nd1 32. Nd3 Nxc3 33. bxc3 Re3 0-1

[Event "Rhein Main op-A 19th"]
[Site "Bad Homburg"]
[Date "2016.05.26"]
[Round "2"]
[White "Krueger, Till"]
[Black "Isserman, Ryhor"]
[Result "1/2-1/2"]
[WhiteElo "1975"]
[BlackElo "2270"]
[PlyCount "86"]
[EventDate "2016.05.25"]
[EventType "swiss"]
[EventRounds "7"]
[EventCountry "GER"]
[SourceTitle "EXT 2017"]
[Source "ChessBase"]
[SourceDate "2016.10.25"]
[SourceVersion "1"]
[SourceVersionDate "2016.10.25"]
[SourceQuality "1"]

1. e4 c5 2. Nf3 Nc6 3. Bb5 e6 4. Bxc6 bxc6 5. b3 Qc7 6. 0-0 Ne7 7. Ba3 Ng6 8. d4 cxd4 9. Bxf8 Nxf8 10. Qxd4 f6 11. e5 f5 12. c4 c5 13. Qe3 Bb7 14. Nc3 a6 15. Rad1 Ng6 16. Rfe1 0-0 17. Rd6 f4 18. Qd3 Bxf3 19. gxf3 Rad8 20. Re4 Rf5 21. Qe2 Nxe5 22. Rxa6 d5 23. cxd5 exd5 24. Rea4 d4 25. Ne4 d3 26. Qd1 d2 27. Ra8 Qe7 28. Kg2 Rff8 29. Rxd8 Rxd8 30. Nc3 Qg5+ 31. Kf1 Qh4 32. Kg2 Qg5+ 33. Kf1 Qh5 34. Kg2 Qg6+ 35. Kh1 Nd3 36. Qxd2 Qf6 37. Kg2 Nb4 38. Qc1 Qg6+ 39. Kf1 Nd3 40. Qd2 Qh5 41. Kg2 Qg5+ 42. Kf1 Nb4 43. Qe2 Qf6 1/2-1/2

[Event "Hessenliga 1516"]
[Site "Germany"]
[Date "2016.01.17"]
[Round "5.1"]
[White "Isserman, Ryhor"]
[Black "Cordes, Hans Joerg"]
[Result "0-1"]
[WhiteElo "2283"]
[BlackElo "2248"]
[PlyCount "90"]
[EventDate "2015.09.27"]
[EventType "team-tourn"]
[EventRounds "9"]
[EventCountry "GER"]
[SourceTitle "EXT 2018"]
[Source "ChessBase"]
[SourceDate "2017.10.13"]
[SourceVersion "1"]
[SourceVersionDate "2017.10.13"]
[SourceQuality "1"]
[WhiteTeam "Bad Homburg"]
[BlackTeam "Offenbach"]
[WhiteTeamCountry "GER"]
[BlackTeamCountry "GER"]

1. e4 e6 2. d4 d5 3. Bd3 c5 4. exd5 Qxd5 5. Nf3 cxd4 6. 0-0 Nc6 7. Nbd2 Nf6 8. Nb3 e5 9. Re1 Bg4 10. Qe2 Bb4 11. Bc4 Qd6 12. c3 0-0 13. h3 Bxf3 14. Qxf3 e4 15. Qf5 dxc3 16. Bf4 Qd7 17. Qxd7 Nxd7 18. Rxe4 cxb2 19. Rb1 Bc3 20. Re3 Bf6 21. Bd6 Rfc8 22. Ba3 Nd4 23. Bxb2 Rxc4 24. Bxd4 Bxd4 25. Rd3 Bxf2+ 26. Kxf2 Rc2+ 27. Kg3 Ne5 28. Rd5 f6 29. a4 Rac8 30. Nd4 Rd2 31. Rb3 b6 32. Nf5 Rxd5 33. Ne7+ Kf7 34. Nxc8 Rd7 35. Ra3 Ke6 36. Rc3 Kd5 37. Kf4 Kd4 38. Rc2 Nc4 39. Rc1 Nb2 40. Kf5 Nd3 41. Ra1 Kc3 42. g4 Nc5 43. a5 Nb3 44. Re1 bxa5 45. Ne7 a4 0-1

[Event "EU-chT Seniors"]
[Site "Vienna"]
[Date "2015.07.20"]
[Round "9.5"]
[White "James, Geoffrey H"]
[Black "Isserman, Ryhor"]
[Result "1/2-1/2"]
[WhiteElo "2166"]
[BlackElo "2305"]
[PlyCount "63"]
[EventDate "2015.07.12"]
[EventType "team-swiss"]
[EventRounds "9"]
[EventCountry "AUT"]
[SourceTitle "EXT 2018"]
[Source "ChessBase"]
[SourceDate "2017.10.13"]
[SourceVersion "1"]
[SourceVersionDate "2017.10.13"]
[SourceQuality "1"]
[WhiteTeam "England"]
[BlackTeam "Hessen"]
[WhiteTeamCountry "ENG"]
[BlackTeamCountry "GER"]

1. Nf3 Nf6 2. c4 g6 3. g3 Bg7 4. Bg2 0-0 5. Nc3 d6 6. 0-0 Nc6 7. d3 Nh5 8. Rb1 f5 9. Bd2 a5 10. a3 e6 11. b4 axb4 12. axb4 Bd7 13. b5 Ne7 14. Qb3 h6 15. Ne1 c6 16. Nc2 Kh7 17. Ra1 e5 18. Rxa8 Qxa8 19. Ra1 Qb8 20. bxc6 Bxc6 21. Rb1 Qc7 22. Nb5 Qd7 23. Nc3 Ra8 24. Nb4 Nf6 25. Nbd5 Bxd5 26. Nxd5 Nexd5 27. Bxd5 Nxd5 28. cxd5 Ra7 29. Be3 Ra5 30. Qxb7 Qxb7 31. Rxb7 Rxd5 32. Rd7 1/2-1/2

[Event "Rhein Main op-A 18th"]
[Site "Bad Homburg"]
[Date "2015.06.06"]
[Round "5"]
[White "Spitzl, Vinzent"]
[Black "Isserman, Ryhor"]
[Result "1-0"]
[WhiteElo "2068"]
[BlackElo "2324"]
[PlyCount "125"]
[EventDate "2015.06.03"]
[EventType "swiss"]
[EventRounds "7"]
[EventCountry "GER"]
[SourceTitle "CBM 167 Extra"]
[Source "ChessBase"]
[SourceDate "2015.09.14"]
[SourceVersion "1"]
[SourceVersionDate "2015.09.14"]
[SourceQuality "1"]

1. e4 d6 2. d4 Nf6 3. Nc3 g6 4. Be3 a6 5. a4 Bg7 6. h3 b6 7. g4 Bb7 8. Bg2 Nbd7 9. Nge2 e5 10. 0-0 0-0 11. d5 h5 12. g5 Nh7 13. Qd2 a5 14. f3 Nc5 15. h4 Ba6 16. Rad1 Qd7 17. b3 Rae8 18. Kh2 Qe7 19. Rf2 f6 20. Rdf1 Bc8 21. Nb5 fxg5 22. hxg5 Rf7 23. Nbc3 Ref8 24. Nb5 Rf4 25. Nxf4 exf4 26. Bd4 Nxg5 27. Bxg7 Qxg7 28. Qd4 Qe7 29. Re1 Nf7 30. Ree2 g5 31. Kg1 Ne5 32. Na7 Bd7 33. Nc6 Bxc6 34. dxc6 g4 35. Qd2 Qg5 36. fxg4 hxg4 37. Rf1 Nf3+ 38. Bxf3 gxf3+ 39. Kh1 fxe2 40. Rg1 Qxg1+ 41. Kxg1 f3 42. Qd5+ Kg7 43. Kf2 Kh6 44. Qd2+ Kg6 45. Qd5 Rf4 46. Qg8+ Kf6 47. Qh8+ Ke7 48. Qg7+ Ke6 49. Qg6+ Ke5 50. Qg5+ Kxe4 51. Qe7+ Kf5 52. Qf7+ Ke5 53. Qg7+ Ke6 54. Qg8+ Ke7 55. Qg7+ Rf7 56. Qg5+ Ke8 57. Qd5 Kf8 58. Qc4 Ke7 59. Qh4+ Rf6 60. Qh7+ Ke6 61. Qg8+ Ke5 62. Qe8+ Kd5 63. c4+ 1-0

[Event "Rhein Main op-A 18th"]
[Site "Bad Homburg"]
[Date "2015.06.04"]
[Round "2"]
[White "Hoeglauer, Patrick"]
[Black "Isserman, Ryhor"]
[Result "0-1"]
[WhiteElo "2183"]
[BlackElo "2324"]
[PlyCount "86"]
[EventDate "2015.06.03"]
[EventType "swiss"]
[EventRounds "7"]
[EventCountry "GER"]
[SourceTitle "CBM 167 Extra"]
[Source "ChessBase"]
[SourceDate "2015.09.14"]
[SourceVersion "1"]
[SourceVersionDate "2015.09.14"]
[SourceQuality "1"]

1. d4 d6 2. e4 Nf6 3. Nc3 g6 4. f3 a6 5. Be3 b5 6. g4 Nbd7 7. g5 Nh5 8. Nge2 e5 9. Qd2 Bg7 10. d5 Nb6 11. Ng3 Nf4 12. Bxf4 exf4 13. Qxf4 h6 14. Qe3 hxg5 15. Bd3 Be5 16. Qf2 Qf6 17. Nge2 b4 18. Nd1 Na4 19. c3 bxc3 20. bxc3 Nc5 21. Bc2 Rh3 22. Nd4 g4 23. fxg4 Bg3 24. Qxg3 Rxg3 25. hxg3 Bxg4 26. Ne3 Bd7 27. 0-0-0 0-0-0 28. Nc4 Ba4 29. Bxa4 Nxa4 30. Rhf1 Qg5+ 31. Kc2 Qxg3 32. Rf3 Qg4 33. Re1 Rf8 34. e5 dxe5 35. Nxe5 Qg2+ 36. Re2 Qh1 37. Ne6 f6 38. Nxf8 fxe5 39. Ref2 e4 40. Re3 Qa1 41. Kb3 Qd1+ 42. Kb4 a5+ 43. Kxa5 Qxd5+ 0-1

[Event "Rhein Main op-A 18th"]
[Site "Bad Homburg"]
[Date "2015.06.04"]
[Round "3"]
[White "Khenkin, Igor"]
[Black "Isserman, Ryhor"]
[Result "1-0"]
[WhiteElo "2592"]
[BlackElo "2324"]
[PlyCount "55"]
[EventDate "2015.06.03"]
[EventType "swiss"]
[EventRounds "7"]
[EventCountry "GER"]
[SourceTitle "CBM 167 Extra"]
[Source "ChessBase"]
[SourceDate "2015.09.14"]
[SourceVersion "1"]
[SourceVersionDate "2015.09.14"]
[SourceQuality "1"]

1. d4 d6 2. e4 Nf6 3. Nc3 g6 4. Nf3 Bg7 5. Be2 0-0 6. 0-0 c5 7. d5 Bg4 8. h3 Bxf3 9. Bxf3 Nbd7 10. Be2 a6 11. a4 Rb8 12. Re1 Ne8 13. Bg5 h6 14. Be3 Nc7 15. Qd2 Kh7 16. a5 b5 17. axb6 Rxb6 18. Na4 Rb4 19. f3 Nb6 20. Nxb6 Rxb6 21. c3 Qb8 22. Ra2 Qb7 23. Bc4 Rb8 24. Re2 Rd8 25. e5 a5 26. h4 a4 27. e6 a3 28. bxa3 1-0

[Event "Rhein Main op-A 17th"]
[Site "Bad Homburg"]
[Date "2014.06.22"]
[Round "7"]
[White "Keller, Peter1111"]
[Black "Isserman, Ryhor"]
[Result "1/2-1/2"]
[WhiteElo "2048"]
[BlackElo "2333"]
[PlyCount "69"]
[EventDate "2014.06.18"]
[EventType "swiss"]
[EventRounds "7"]
[EventCountry "GER"]
[SourceTitle "CBM 161 Extra"]
[Source "ChessBase"]
[SourceDate "2014.08.29"]
[SourceVersion "1"]
[SourceVersionDate "2014.08.29"]
[SourceQuality "1"]

1. e4 d6 2. d4 Nf6 3. Nc3 g6 4. f4 Bg7 5. Nf3 0-0 6. Be3 Ng4 7. Qd2 Nxe3 8. Qxe3 Na6 9. 0-0-0 Bg4 10. e5 c6 11. h3 Bxf3 12. Qxf3 dxe5 13. dxe5 Qc7 14. Bxa6 bxa6 15. Ne4 Rab8 16. Qc3 Rfd8 17. Nc5 Rxd1+ 18. Rxd1 Rd8 19. Rd3 Rxd3 20. cxd3 g5 21. d4 gxf4 22. Nxa6 Qb6 23. Nb4 Qb5 24. Kd2 Qf1 25. Qxc6 Qf2+ 26. Kc3 Qe1+ 27. Kb3 Qd1+ 28. Nc2 Qd3+ 29. Ka4 e6 30. b4 Bf8 31. Ka5 Be7 32. Qe8+ Bf8 33. Qc6 Be7 34. Qe8+ Bf8 35. Qc6 1/2-1/2

[Event "Rhein Main op-A 17th"]
[Site "Bad Homburg"]
[Date "2014.06.21"]
[Round "5"]
[White "Isserman, Ryhor"]
[Black "Holzschuh, Gerald"]
[Result "1-0"]
[WhiteElo "2333"]
[BlackElo "2117"]
[PlyCount "61"]
[EventDate "2014.06.18"]
[EventType "swiss"]
[EventRounds "7"]
[EventCountry "GER"]
[SourceTitle "CBM 161 Extra"]
[Source "ChessBase"]
[SourceDate "2014.08.29"]
[SourceVersion "1"]
[SourceVersionDate "2014.08.29"]
[SourceQuality "1"]

1. e4 g6 2. d4 Bg7 3. Nf3 c6 4. Nc3 d5 5. h3 dxe4 6. Nxe4 Nf6 7. Nxf6+ exf6 8. Bc4 0-0 9. 0-0 Be6 10. Bxe6 fxe6 11. Re1 Re8 12. Bf4 Nd7 13. Qe2 Nf8 14. c4 g5 15. Bg3 Ng6 16. Rad1 Qa5 17. Qc2 Kf7 18. d5 cxd5 19. cxd5 Qxa2 20. dxe6+ Rxe6 21. Rxe6 Qxe6 22. Nd4 Rc8 23. Qa4 Qd5 24. Nb5 Qe6 25. Nd6+ Kg8 26. Nxc8 Qxc8 27. Qb3+ Kh8 28. Qf7 f5 29. Bc7 Qg8 30. Rd8 Nf8 31. Qxf5 1-0

[Event "Rhein Main op-A 17th"]
[Site "Bad Homburg"]
[Date "2014.06.20"]
[Round "4"]
[White "Roettinger, Eugen"]
[Black "Isserman, Ryhor"]
[Result "1/2-1/2"]
[WhiteElo "2148"]
[BlackElo "2333"]
[PlyCount "36"]
[EventDate "2014.06.18"]
[EventType "swiss"]
[EventRounds "7"]
[EventCountry "GER"]
[SourceTitle "CBM 161 Extra"]
[Source "ChessBase"]
[SourceDate "2014.08.29"]
[SourceVersion "1"]
[SourceVersionDate "2014.08.29"]
[SourceQuality "1"]

1. b3 e5 2. Bb2 d6 3. Nf3 Nf6 4. d3 g6 5. g3 Bg7 6. Bg2 0-0 7. 0-0 Nc6 8. Nbd2 Nh5 9. e4 f5 10. exf5 Bxf5 11. Nc4 Bd7 12. Nfd2 Qc8 13. Ne3 Bh3 14. Bxh3 Qxh3 15. Qg4 Qxg4 16. Nxg4 a5 17. a3 Rf7 18. Rae1 Raf8 1/2-1/2

[Event "Rhein Main op-A 17th"]
[Site "Bad Homburg"]
[Date "2014.06.19"]
[Round "3"]
[White "Isserman, Ryhor"]
[Black "Weil, Volker"]
[Result "1-0"]
[WhiteElo "2333"]
[BlackElo "2102"]
[PlyCount "81"]
[EventDate "2014.06.18"]
[EventType "swiss"]
[EventRounds "7"]
[EventCountry "GER"]
[SourceTitle "CBM 161 Extra"]
[Source "ChessBase"]
[SourceDate "2014.08.29"]
[SourceVersion "1"]
[SourceVersionDate "2014.08.29"]
[SourceQuality "1"]

1. Nf3 d6 2. d4 Bg4 3. e4 Nf6 4. Nc3 c6 5. h3 Bxf3 6. Qxf3 e6 7. Bd3 Qb6 8. Qe3 e5 9. Ne2 Nbd7 10. 0-0 exd4 11. Nxd4 0-0-0 12. a4 d5 13. a5 Qc7 14. exd5 Nxd5 15. Qf3 Ne5 16. Bf5+ Kb8 17. Qb3 Bc5 18. Nf3 g6 19. Be4 f5 20. Bxd5 Rxd5 21. Bf4 Bd6 22. Nxe5 Bxe5 23. Bxe5 Rxe5 24. a6 b6 25. Rfe1 Rhe8 26. Rxe5 Qxe5 27. Rd1 Qc7 28. h4 Kc8 29. h5 Kb8 30. c4 Qf7 31. Qd3 Qc7 32. b4 Kc8 33. Qf3 Re4 34. Qd3 Qe7 35. hxg6 hxg6 36. Qd2 g5 37. b5 cxb5 38. cxb5 g4 39. Qc3+ Kb8 40. Qh8+ Qe8 41. Rd8+ 1-0

[Event "Rhein Main op-A 17th"]
[Site "Bad Homburg"]
[Date "2014.06.18"]
[Round "1"]
[White "Isserman, Ryhor"]
[Black "Reichenbaecher, Thomas"]
[Result "1/2-1/2"]
[WhiteElo "2333"]
[BlackElo "1965"]
[PlyCount "85"]
[EventDate "2014.06.18"]
[EventType "swiss"]
[EventRounds "7"]
[EventCountry "GER"]
[SourceTitle "CBM 161 Extra"]
[Source "ChessBase"]
[SourceDate "2014.08.29"]
[SourceVersion "1"]
[SourceVersionDate "2014.08.29"]
[SourceQuality "1"]

1. e4 c6 2. d4 d5 3. Nd2 dxe4 4. Nxe4 Nf6 5. Nxf6+ exf6 6. Bc4 Bd6 7. Nf3 0-0 8. 0-0 Nd7 9. Bb3 Qc7 10. Re1 c5 11. c3 c4 12. Bc2 Nb6 13. h3 Bd7 14. Be3 Nd5 15. Be4 Nxe3 16. Rxe3 Rae8 17. Qc2 g6 18. Rae1 Bf4 19. R3e2 b5 20. Nd2 Kg7 21. Nf1 Qa5 22. b3 cxb3 23. axb3 Rc8 24. c4 bxc4 25. bxc4 Qb4 26. Bd5 Bf5 27. Qa2 Bd3 28. Qxa7 Bxe2 29. Rxe2 Rc7 30. Qa2 Rb8 31. g3 Bh6 32. Qc2 Re7 33. Rxe7 Qxe7 34. c5 Qe1 35. Ba2 Qc1 36. Qe4 Rf8 37. c6 Kg8 38. Kg2 f5 39. Qd5 f4 40. g4 Bg5 41. c7 f3+ 42. Kg1 Bf4 43. c8Q 1/2-1/2

[Event "Hessenliga 1314"]
[Site "Germany"]
[Date "2014.04.27"]
[Round "9.1"]
[White "Isserman, Ryhor"]
[Black "Sroka, Dirk"]
[Result "1/2-1/2"]
[WhiteElo "2334"]
[BlackElo "2090"]
[PlyCount "82"]
[EventDate "2013.09.29"]
[EventType "team-tourn"]
[EventRounds "9"]
[EventCountry "GER"]
[SourceTitle "EXT 2015"]
[Source "ChessBase"]
[SourceDate "2014.11.20"]
[SourceVersion "1"]
[SourceVersionDate "2014.11.20"]
[SourceQuality "1"]
[WhiteTeam "Bad Homburg"]
[BlackTeam "Gelnhausen"]
[WhiteTeamCountry "GER"]
[BlackTeamCountry "GER"]

1. e4 e6 2. d4 d5 3. Nd2 c5 4. Ngf3 cxd4 5. exd5 Qxd5 6. Bc4 Qd6 7. 0-0 Nf6 8. Nb3 Nc6 9. Nbxd4 Nxd4 10. Qxd4 Qxd4 11. Nxd4 Bd7 12. b3 Bb4 13. Bb2 Rc8 14. a3 Bc5 15. Rad1 0-0 16. Be2 a6 17. c4 Rfe8 18. Nf3 Bc6 19. Ne5 Be4 20. b4 Be7 21. Rd2 Red8 22. Rfd1 Rxd2 23. Rxd2 Rd8 24. Rxd8+ Bxd8 25. f3 Bc2 26. c5 Ba4 27. c6 Bb6+ 28. Kh1 bxc6 29. Bxa6 Bb5 30. Bb7 c5 31. bxc5 Bxc5 32. Bc6 Ba6 33. a4 Nd5 34. Be8 f6 35. Bf7+ Kh8 36. Bxe6 Nf4 37. Bc4 Bxc4 38. Nxc4 Nd5 39. a5 Kg8 40. a6 Nb4 41. Ba3 Nxa6 1/2-1/2

[Event "Hessenliga 1314"]
[Site "Germany"]
[Date "2013.11.03"]
[Round "3.1"]
[White "Koopmann, Rolf"]
[Black "Isserman, Ryhor"]
[Result "0-1"]
[WhiteElo "2234"]
[BlackElo "2334"]
[PlyCount "98"]
[EventDate "2013.09.29"]
[EventType "team-tourn"]
[EventRounds "9"]
[EventCountry "GER"]
[SourceTitle "EXT 2015"]
[Source "ChessBase"]
[SourceDate "2014.11.20"]
[SourceVersion "1"]
[SourceVersionDate "2014.11.20"]
[SourceQuality "1"]
[WhiteTeam "Langen"]
[BlackTeam "Bad Homburg"]
[WhiteTeamCountry "GER"]
[BlackTeamCountry "GER"]

1. Nf3 Nf6 2. c4 g6 3. Nc3 Bg7 4. e4 0-0 5. d4 d6 6. h3 Na6 7. Bg5 h6 8. Be3 e5 9. Qd2 exd4 10. Nxd4 Re8 11. f3 Nc5 12. 0-0-0 Kh7 13. g4 Ne6 14. Nde2 a6 15. Ng3 c5 16. h4 Nd4 17. Bxd4 cxd4 18. Nd5 Nxd5 19. cxd5 Qf6 20. Be2 d3 21. Bxd3 Qxf3 22. Rhg1 Bd4 23. Be2 Qe3 24. Rgf1 Kg7 25. Bf3 Qxd2+ 26. Kxd2 Bxb2 27. g5 hxg5 28. hxg5 Be5 29. Ne2 Bd7 30. Ke3 Rac8 31. Rb1 b5 32. Rfc1 Rxc1 33. Rxc1 Rc8 34. Rxc8 Bxc8 35. Nc1 f6 36. gxf6+ Kxf6 37. Nd3 a5 38. Nf2 b4 39. Be2 a4 40. Bc4 Bd7 41. Nd3 Bc3 42. Kf3 g5 43. Kg3 Be8 44. Kg4 Bg6 45. e5+ dxe5 46. Nc5 Bf5+ 47. Kh5 Bd4 48. Nd3 b3 49. axb3 axb3 0-1

[Event "EU-chT Seniors 15th"]
[Site "Dresden"]
[Date "2013.07.21"]
[Round "2"]
[White "Hamm, Georg"]
[Black "Isserman, Ryhor"]
[Result "1/2-1/2"]
[WhiteElo "2109"]
[BlackElo "2331"]
[PlyCount "85"]
[EventDate "2013.07.20"]
[EventType "team-swiss"]
[EventRounds "9"]
[EventCountry "GER"]
[SourceTitle "CBM 155 Extra"]
[Source "ChessBase"]
[SourceDate "2013.08.26"]
[SourceVersion "1"]
[SourceVersionDate "2013.08.26"]
[SourceQuality "1"]
[WhiteTeam "Sachsen Anhalt"]
[BlackTeam "Hessen"]
[WhiteTeamCountry "GER"]
[BlackTeamCountry "GER"]

1. Nf3 d6 2. g3 Nf6 3. Bg2 g6 4. d3 Bg7 5. e4 c5 6. 0-0 0-0 7. Nbd2 Nc6 8. Re1 e5 9. Nf1 h6 10. c3 Re8 11. Ne3 b6 12. Bd2 Ba6 13. Qb1 Rc8 14. h3 Ne7 15. c4 Kh7 16. a3 Nh5 17. Qd1 Nc6 18. Nd5 b5 19. b3 Nf6 20. Rb1 Nxd5 21. exd5 Ne7 22. a4 bxa4 23. bxa4 Rb8 24. Qc2 Qc7 25. Bc3 Rxb1 26. Rxb1 Rb8 27. Nd2 Bc8 28. Rxb8 Qxb8 29. Kh2 Bd7 30. a5 f5 31. Qb2 Qxb2 32. Bxb2 Ba4 33. Bf1 Kg8 34. Nb1 a6 35. Nc3 Bd7 36. Be2 Nc8 37. Nd1 Bf6 38. Kg2 Kf7 39. Kf1 h5 40. h4 Bd8 41. Bc3 Ne7 42. Nb2 Ng8 43. Bd1 1/2-1/2

[Event "Rhein Main op-A 16th"]
[Site "Bad Homburg"]
[Date "2013.05.30"]
[Round "2"]
[White "Marquardt, Christian"]
[Black "Isserman, Ryhor"]
[Result "1/2-1/2"]
[WhiteElo "2075"]
[BlackElo "2335"]
[PlyCount "59"]
[EventDate "2013.05.29"]
[EventType "swiss"]
[EventRounds "7"]
[EventCountry "GER"]
[SourceTitle "EXT 2014"]
[Source "ChessBase"]
[SourceDate "2013.11.20"]
[SourceVersion "1"]
[SourceVersionDate "2013.11.20"]
[SourceQuality "1"]

1. c4 e5 2. Nc3 Nf6 3. g3 c6 4. d4 exd4 5. Qxd4 d5 6. Bg2 dxc4 7. Qxc4 Be6 8. Qa4 Nbd7 9. Nf3 Bc5 10. 0-0 0-0 11. Qc2 h6 12. b3 b5 13. Bb2 Rc8 14. Rac1 Re8 15. h3 a6 16. e3 Qe7 17. Rfd1 Red8 18. Nd4 Bxd4 19. exd4 Nb6 20. Ne2 Nbd5 21. Qd2 Re8 22. Re1 Qd7 23. Kh2 Qd6 24. Ng1 Qb4 25. Bc3 Qd6 26. Nf3 Red8 27. Bb2 Qb4 28. Bc3 Qd6 29. Bb2 Qb4 30. Bc3 1/2-1/2

[Event "Hessenliga 1213"]
[Site "Germany"]
[Date "2013.05.05"]
[Round "9.1"]
[White "Isserman, Ryhor"]
[Black "Uwira, Oliver"]
[Result "1-0"]
[WhiteElo "2335"]
[BlackElo "2249"]
[PlyCount "63"]
[EventDate "2012.09.16"]
[EventType "team-tourn"]
[EventRounds "9"]
[EventCountry "GER"]
[SourceTitle "EXT 2014"]
[Source "ChessBase"]
[SourceDate "2013.11.20"]
[SourceVersion "1"]
[SourceVersionDate "2013.11.20"]
[SourceQuality "1"]
[WhiteTeam "Bad Homburg"]
[BlackTeam "Nied"]
[WhiteTeamCountry "GER"]
[BlackTeamCountry "GER"]

1. e4 e5 2. Nf3 Nc6 3. Bb5 f5 4. d3 fxe4 5. dxe4 Nf6 6. Qd3 Bc5 7. 0-0 d6 8. Nc3 0-0 9. Na4 Bb6 10. Nxb6 axb6 11. Re1 Qe8 12. Bxc6 bxc6 13. Be3 h6 14. Nd2 Ng4 15. f3 Nxe3 16. Qxe3 Be6 17. a4 c5 18. b3 b5 19. axb5 Qxb5 20. Qc3 Rxa1 21. Rxa1 Qe2 22. Nf1 Rb8 23. Ne3 Rb4 24. Nc4 Bxc4 25. Re1 Qxe1+ 26. Qxe1 Be6 27. Qh4 Rd4 28. Qe7 Bf7 29. h4 c4 30. Qxc7 cxb3 31. cxb3 Bxb3 32. Qb8+ 1-0

[Event "Hessenliga 1213"]
[Site "Germany"]
[Date "2012.12.02"]
[Round "4.1"]
[White "Grabarczyk, Bogdan"]
[Black "Isserman, Ryhor"]
[Result "1/2-1/2"]
[WhiteElo "2393"]
[BlackElo "2335"]
[PlyCount "77"]
[EventDate "2012.09.16"]
[EventType "team-tourn"]
[EventRounds "9"]
[EventCountry "GER"]
[SourceTitle "EXT 2014"]
[Source "ChessBase"]
[SourceDate "2013.11.20"]
[SourceVersion "1"]
[SourceVersionDate "2013.11.20"]
[SourceQuality "1"]
[WhiteTeam "Griesheim II"]
[BlackTeam "Bad Homburg"]
[WhiteTeamCountry "GER"]
[BlackTeamCountry "GER"]

1. e4 c5 2. Nf3 Nc6 3. d4 cxd4 4. Nxd4 Nf6 5. Nc3 d6 6. Bg5 Bd7 7. Qd2 h6 8. Bxf6 gxf6 9. 0-0-0 h5 10. Kb1 Nxd4 11. Qxd4 Qa5 12. Bc4 Rc8 13. Bb3 Qc5 14. Qd2 e6 15. f4 Be7 16. Rhe1 Rd8 17. Qe2 Kf8 18. Rf1 b5 19. a3 a5 20. Qf2 a4 21. Ba2 b4 22. axb4 Qxb4 23. Rd4 Qa5 24. e5 f5 25. exd6 Bf6 26. Rc4 Rb8 27. Qc5 Qxc5 28. Rxc5 Rb6 29. Rd1 a3 30. Bb3 axb2 31. Kxb2 Rc6 32. Rxc6 Bxc6 33. Rd3 Be4 34. Rh3 Bxg2 35. Rg3 Be4 36. Ka3 h4 37. Rh3 Bd4 38. Nxe4 fxe4 39. Kb4 1/2-1/2